000
00317pab a2200121 454500
008
180718b xxu||||| |||| 00| 0 eng d
100
_a
Stainer, Alan
245
_a
Competing on productivity - the Japanese way
650
_a
Productivity
650
_a
Management - Japan
773
_a
Management Services
909
_a
24392
999
_c
24392
_d
24392